000 00641cam a2200229 a 4500
001 sa 64002489
003 DLC
005 20260227112010.0
008 811123s1960 pk 000 f urdo
010 _asa 64002489
040 _aDLC
_cDLC
041 1 _aurd
_hhin
050 0 0 _aPK2098.V38
_bC5185 1960
100 1 _aVerma, Bhagwati Charan,
_d1903-
240 1 0 _aCitralekhā.
_lUrdu
245 1 0 _aCitra lekhā /
_cBhagvatī Caran Varmā ; tarjamah Som Ānand.
260 _aLāhaur :
_bal-Jadīd,
_c1960.
300 _a286 p. :
_bill. ;
_c20 cm.
500 _aNovel.
546 _aIn Urdu; translated from Hindi.
700 0 _aSom Ānand.
999 _c57333
_d57333